Money Magnet : How to Attract and Keep A Fortune that Counts (Record no. 13930)
[ view plain ]
| 000 -LEADER | |
|---|---|
| fixed length control field | 00301nam a22001217a 4500 |
| 020 ## - INTERNATIONAL STANDARD BOOK NUMBER | |
| ISBN | 9780730383802 |
| 082 ## - DEWEY DECIMAL CLASSIFICATION NUMBER | |
| Classification number | 332.5 |
| 100 ## - MAIN ENTRY--AUTHOR NAME | |
| Personal name | Steve McKnight's |
| 245 ## - TITLE STATEMENT | |
| Title | Money Magnet : How to Attract and Keep A Fortune that Counts |
| 260 ## - PUBLICATION, DISTRIBUTION, ETC. (IMPRINT) | |
| Place of publication | Australia |
| Name of publisher | Wiley |
| Year of publication | 2023 |
| 300 ## - PHYSICAL DESCRIPTION | |
| Number of Pages | 353 pages |
| 942 ## - ADDED ENTRY ELEMENTS (KOHA) | |
| Koha item type | Books |
| Withdrawn status | Lost status | Collection code | Permanent Location | Current Location | Shelving location | Date acquired | Full call number | Accession Number | Koha item type |
|---|---|---|---|---|---|---|---|---|---|
| | | Business | MAJU | MAJU | Shelf No.A-1 | 2024-05-30 | 332.5 | 11034 | Books |